|
|
|
|
| LEADER |
01044nam a22002772a 4500 |
| 001 |
000292903 |
| 003 |
CZ BrMZK |
| 005 |
20101217074152.0 |
| 007 |
ta |
| 008 |
950101s1941 xr f cze d |
| 015 |
|
|
|a cnb000757056
|z cnb000757055
|
| 035 |
|
|
|a (OCoLC)85652818
|
| 040 |
|
|
|a ABA001
|b cze
|c OLA001
|d ABA001
|
| 100 |
1 |
|
|a Reiniš, Stanislav,
|d 1879-1955
|7 jk01102225
|4 aut
|
| 245 |
1 |
0 |
|a Nepřítel :
|b román skalní kuny /
|c Stanislav Reiniš
|
| 260 |
|
|
|a V Praze :
|b Nakladatelské družstvo Máje,
|c 1941
|
| 300 |
|
|
|a 221, [II] s. ;
|c 8°
|
| 500 |
|
|
|a Vydal Světový literární klub
|
| 500 |
|
|
|a Pro členy
|
| 500 |
|
|
|a Dostupné též v digitální podobě v aplikaci Kramerius
|
| 710 |
2 |
|
|a Světový literární klub
|7 ko2003186612
|
| 856 |
4 |
1 |
|u http://www.digitalniknihovna.cz/mzk/uuid/uuid:e3eff450-644a-11e6-86b1-005056827e51
|y Digitalizovaný dokument
|x NDK
|
| 910 |
|
|
|a BOA001
|b 2-0159.023
|
| 990 |
|
|
|a BK
|
| 991 |
|
|
|b 201012
|
| 996 |
7 |
|
|b 2619774843
|c 2-0159.023
|l MZK
|r Sklad / do 24 hodin
|n 5
|w 000292903
|u 000010
|a 1
|e BOA001
|j MZK50
|s A
|